000 01409nam0a2200313 4500
001 RU\NLR\bibl\950308
005 20260405132053.0
010 _a5-209-00708-1
_9200
021 _aRU
_b2006-16325
_9805
035 _a(NLR Aleph) 000938415
090 _a204243
_c204243
100 _a20060517d2005 |||y0rusy50 ca
101 0 _arus
_aeng
102 _aRU
105 _ay |||||||||
200 1 _aГид по деловому общению
_dA Business Communication Guide
_eучебное пособие
_f[сост.: М.А. Ванюхина и др.
_gк.п.н., доц. Н.Г. Валеевой]
_zeng
210 _aМосква
_cИзд-во Российского университета дружбы народов
_d2005
215 _a110,[1] с.
_d20
320 _aБиблиогр. в конце кн. (14 назв.)
510 0 _aA Business Communication Guide
_zeng
606 1 _aАнглийский язык
_xСтилистика деловой речи
_92410680
_3RU\NLR\auth\661436345
686 _aШ143.21-93рус3-70
702 1 _aВанюхина
_bМ. А.
_gМарина Александровна
_4220
702 1 _4340
_8rus
_7ca
_aВалеева
_bН. Г.
_cканд. пед. наук, лингвист
_f1955-
_gНаиля Гарифовна
_3RU\NLR\auth\7752964
_935897
801 0 _aRU
_bNLR
_c20060517
_grcr
801 1 _aRU
_bNLR
_c20060517
942 _cBOOK
980 _aNB